|
|
|
|
| LEADER |
00000nam a2200000 a 4500 |
| 001 |
vtls001357765 |
| 003 |
SK-MaSNL |
| 005 |
20260224064946.0 |
| 008 |
180126sm y0 xo 0 und |
| 035 |
|
|
|a SNK000311273
|
| 040 |
|
|
|a SNK
|b slo
|c SNK
|e AACR2
|
| 044 |
|
|
|a xo
|c SK
|
| 245 |
1 |
|
|a STN EN 2585 Letectvo - Kĺbové ložiská z nehrdzavejúcej ocele so samomaznou vrstvou
|b Široký rad Vysoké zaťaženia pri teplote okolia. Rozmery a zaťaženia
|
| 260 |
|
|
|a Bratislava
|b Úrad pre normalizáciu, metrológiu a skúšobníctvo SR
|c 1999
|
| 300 |
|
|
|a 2 s.
|
| 999 |
|
|
|c 892939
|d 894869
|
| 952 |
|
|
|t P60, <03>, [BOOK], {603}
|a SNK
|b SNK
|y PREZ
|7 0
|p 17A0183967
|o snkSTN EN 2585
|i snkN 819/99
|0 0
|1 0
|4 0
|d 1999-03-15
|l 0
|r 2005-01-02 00:00:00
|w 2026-02-24
|
| 952 |
|
|
|t P60, <04>, [BOOK], {604}
|a SNK
|b SNK
|y VYP
|7 0
|p 17A0183968
|o snkSTN EN 2585 D1
|i snkN 820/99
|0 0
|1 0
|4 0
|d 1999-03-15
|l 0
|r 2005-01-02 00:00:00
|w 2026-02-24
|